แสดงรายละเอียดบรรณานุกรม
  กลับหน้าหลัก

Brief Record : Get Marc (ISO 2709) : E-mail record : QR code ปิดหน้าต่าง
E-books : เกี่ยวกับ Collections
LEADER 00000nam 2200000uu 4500
001    213569
003     ULIBM
008    230714s||||||||th 000 0 tha d
020    ^a978-616-18-3619-1
040    ^abcnkk
041    ^atha
060  0 ^aWE250 อ656 2563
100 0  ^aอาคิส อุนนะนันทน์
245 00 ^aปรับชีวิต พิชิตโรคกระดูกพรุน/^cอาคิส อุนนะนันทน์.
250    ^aพิมพ์ครั้งที่ 1
260    ^aกรุงเทพฯ:^bอมรินทร์เฮลท์ อมรินทร์พริ้นติ้ง แอนด์ พับลิชชิ่ง,^c2563
300    ^a111 หน้า:^bภาพประกอบ,^c21 ซม.
650  0 ^aโรคกระดูกพรุน
650  0 ^aกระดูก--โรค
650  0 ^aกระดูกพรุน
999    ^aใช้งานได้ทุกระบบ
รายการนี้ยังไม่มีแท็ก
คุณยังไม่ได้ล็อกอิน คุณสามารถมีกิจกรรมร่วมกับเว็บไซต์ได้ แต่ต้องล็อกอินก่อน ::
  ล็อกอิน
ลำดับที่ ประเภท เลขเรียก สถานที่ สถานะ
1. หนังสือทั่วไป
หนังสือทั่วไป
WE250 อ656 2563 ฉ.1 
  
การพยาบาลผู้ใหญ่ On Shelf
  ขอยืม
Note:จัดซื้อปีงบฯ 2564
2. หนังสือทั่วไป
หนังสือทั่วไป
WE250 อ656 2563 ฉ.2 
  
การพยาบาลผู้ใหญ่ On Shelf
  ขอยืม
Note:จัดซื้อปีงบฯ 2564
   [แสดง 2/2 รายการ]

รายการใกล้เคียง
    หัวเรื่อง [กระดูก--โรค]
    หัวเรื่อง [กระดูกพรุน]

BibComment


ยังไม่เคยถูกคอมเมนท์

คอมเมนท์ทรัพยากรรายการนี้
  คอมเมนท์: ปรับชีวิต พิชิตโ..
Bib 213569

 
 
 

 Union Library Management : ULibM
Copyright 2026. All Rights Reserved.
скачать бесплатно без регистрации порно красивый секс HD Sex Hindi sex

xxx gou

xxxx

bfxxx

xxxwww

Секса Видео

xxxx

Секса Видео

detube

geilexxx

C99 Shell

worms shell

blod xxx video
Ebony Coed Rihanna Rimes Takes A Dick In Her Young Twat priyaa indian fuck anal and pusssy hardcore indian women xxx desi hardcore fucking part 1 bengalixxxcouple